"Vom Paradiese bis hieher"
| Titel: | "Vom Paradiese bis hieher" : Weiblichkeitsklischees als Gegenstand eines Hochzeitsgedichtes von Johann Christian Günther / Rudolf Drux |
|---|---|
| Verfasser: | |
| In: |
Frühneuzeitliche Stereotype: zur Produktivität und Restriktivität sozialer Vorstellungsmuster, (2010), Seite 259-271 alle Artikel anzeigen |
| Veröffentlicht: | 2010 |
| Format: | Aufsatz |
| Sprache: | Deutsch |
X
alg: 23334363
001A $04504:25-03-11
001B $01999:13-05-21 $t13:35:20.000
001C $04504:25-03-11 $t11:46:36.000
001D $04504:25-03-11
001U $0utf8
001X $00
002@ $0Aou
003@ $0233343636
007A $0233343636 $aHEB
007T $0Herdc0081705m
010@ $ager
011@ $a2010
021A $a"Vom Paradiese bis hieher" $dWeiblichkeitsklischees als Gegenstand eines Hochzeitsgedichtes von Johann Christian Günther $hRudolf Drux
028A $710511183X $8Drux, Rudolf$Z1948- [Tp1] $9140200517
031A $h259-271 $j2010
039B $aIn $8--Aau--. Frühneuzeitliche Stereotype: zur Produktivität und Restriktivität sozialer Vorstellungsmuster. - Bern {[u.a.] : Lang, 2010. - 490 S.. - Ill.. - ISBN 978-3-0343-0329-3 $x201000000000000741 $9221296751
044K $#Gunther, Johann Christian $#Guntherus, Joannes Christianus $#Günther, Johannes C. $#Günther, Johannes Christian $#Günther, Joannes Christianus $#Günther, Johann C. $#Günther, Christian $#Guenther, Johann Christoph $711854327X $8Günther, Johann Christian$Z1695-1723 [Tp1] $9086884301
044K $RGelegenheitsgedicht $#Epithalamium $#Hymenaeus $#Epithalamion $74160308-4 $8Hochzeitsgedicht [Ts1] $9085699837
044K $RFrau $RFrauenbild $RMotiv $#Femininity in literature $#Femininity in art $#Femininity (Philosophy) in literature $74232374-5 $8Weiblichkeit$gMotiv [Ts1] $9086214411
044K $RVorurteil $RBild $RStereotypisierung $#Stereotypes (Social psychology) $#Stéréotype (psychologie) $#Stereotyp $#Stereotyp $#Sozialstereotyp $#Stereotypen $74057329-1 $8Stereotyp [Ts1] $9085159530
045F $a800 $eDDC23BSB
045F/01 $a800
045F/03 $g4385
045V $aGünther, Johann Christian $812.13.00$jZu einzelnen Autoren [Tkx] $9118843583
lok: 23334363 62
exp: 23334363 62 1 #EPN
201B/01 $026-03-11 $t03:16:56.000
203@/01 $0611668718
208@/01 $a26-03-11 $be
209A/01 $a/ $f000 $x00
209B/01 $a2011 $x05
247C/01 $8Frankfurt, Bibliographie der Deutschen Sprach- und Literaturwissenschaft $9113214561
201U/01 $0utf8
lok: 23334363 78
exp: 23334363 78 1 #EPN
201B/01 $029-11-19 $t22:40:48.000
201C/01 $020-03-19
201U/01 $0utf8
203@/01 $0104851336X
208@/01 $a20-03-19 $be
209A/01 $a/ $f000 $x00
209A/01 $ab*p $x01
220C/01 $apgar
220C/01 $aTitelaufnehmer: pg
220C/01 $aHerkunft: HI Marburg
244Z/01 $#Silesia $#Śląsk $#Sliezsko $#Slezsko $8--Trx--Schlesien $x01 $9391173987
244Z/01 $aGeschichte 1695-1723 $x02
244Z/01 $#Gunther, Johann Christian $#Guntherus, Joannes Christianus $#Günther, Johannes C. $#Günther, Johannes Christian $#Günther, Joannes Christianus $#Günther, Johann C. $#Günther, Christian $#Guenther, Johann Christoph $711854327X $8--Tp1--Günther, Johann Christian$Z1695-1723 $x03 $9086884301
244Z/01 $#kirjanikud $#rašytojai $#writers $#írók $#pisarze $#spisovatelia $#spisovatelé $8--Trx--Schriftsteller $x04 $9391382659
244Z/01 $#stereotüübid $#stereotipai $#Stereotypes $#sztereotipiák $#stereotypy $#stereotypy $#stereotypy $#Imagologie $#Fremdwahrnehmung $#Fremdenwahrnehmung $#imagologia $#imagológia $#imagologie $8--Trx--Stereotype $x05 $9391366254
244Z/01 $#sugukonnaajalugu juhtumi uurimised $#lyčių istorija case studies $#gender history case studies $#nemek története esettanulmányok $#gender studies $#dejiny pohlaví biografie $#dějiny pohlaví biografie $#gender studies $#Frauen $#kobiety $#dejiny žien $#dějiny žen $#ženy $8--Trx--Geschlechtergeschichte$gFallstudien $x06 $9391357239
244Z/01 $8--Trx--Einzelbeiträge $x07 $9391384570
245Z/01 $a11.08 $x01
247C/01 $82080>Marburg/Lahn, Herder-Institut, Forschungsbibliothek, Bibliographieportal $9336309341
| LEADER | 00000caa a2200000 c 4500 | ||
|---|---|---|---|
| 001 | 233343636 | ||
| 003 | DE-603 | ||
| 005 | 20210513133520.0 | ||
| 007 | tu | ||
| 008 | 110325s2010 xx |||| | u00||u|ger c | ||
| 035 | |a (DE-599)HEB233343636 | ||
| 040 | |a DE-603 |b ger |c DE-603 |d DE-603 | ||
| 041 | |a ger | ||
| 082 | 0 | 4 | |8 1\u |a 800 |q DE-101 |2 23/BSB |
| 085 | |8 1\u |b 800 | ||
| 085 | |8 1\u |z 2 |s 4385 | ||
| 100 | 1 | |a Drux, Rudolf |d 1948- |0 (DE-603)140200517 |0 (DE-588)10511183X |2 gnd | |
| 245 | 0 | 0 | |a "Vom Paradiese bis hieher" |b Weiblichkeitsklischees als Gegenstand eines Hochzeitsgedichtes von Johann Christian Günther |c Rudolf Drux |
| 264 | 0 | |c 2010 | |
| 600 | 1 | 7 | |a Günther, Johann Christian |d 1695-1723 |0 (DE-588)11854327X |0 (DE-603)086884301 |2 gnd |
| 650 | 7 | |a Hochzeitsgedicht |0 (DE-588)4160308-4 |0 (DE-603)085699837 |2 gnd | |
| 650 | 7 | |a Weiblichkeit |g Motiv |0 (DE-588)4232374-5 |0 (DE-603)086214411 |2 gnd | |
| 650 | 7 | |a Stereotyp |0 (DE-588)4057329-1 |0 (DE-603)085159530 |2 gnd | |
| 773 | 0 | 8 | |i In |t Frühneuzeitliche Stereotype: zur Produktivität und Restriktivität sozialer Vorstellungsmuster |d Bern [u.a.] : Lang, 2010 |h 490 S., Ill. |z 9783034303293 |g (2010), Seite 259-271 |w (DE-603)221296751 |
| 924 | 0 | |9 603 |a (DE-603)611668718 |b DE-603 |c HES |d d | |
| 924 | 0 | |9 2080 |a (DE-603)104851336X |b DE-2080 |c HES |d d |g / | |


